000 00511nmm a2200169Ia 4500
008 251105s9999||||xx |||||||||||||||||und||
020 _a9788400099435
041 _aspa
100 _aApuleyo, Lucio
245 0 _aApología o discurso sobre la magia en defensa propia ; Floridas
264 _a[Madrid, España] :
_bCSIC,
_c2015
300 _a257 páginas
490 _aAlma mater
650 _aGreek- Latin literature and language
856 _uhttps://public.digitaliapublishing.com/a/39052
942 _cCF
999 _c76092
_d76092